Ciáo dục 2010 cơ hội cất cánh /

保存先:
書誌詳細
第一著者: Nguyễn Hoàng.
フォーマット: 論文
言語:Vietnamese
主題:
タグ: タグ追加
タグなし, このレコードへの初めてのタグを付けませんか!
Thư viện lưu trữ: Thư viện Trường Đại học Đà Lạt
LEADER 00758nam a2200265 4500
001 DLU120134183
005 ##20120420
040 # # |a DLU  |b vie 
041 # # |a vie 
044 # # |a vn 
100 # # |a Nguyễn Hoàng. 
245 # # |a Ciáo dục 2010 cơ hội cất cánh /  |c Nguyễn Hoàng. 
653 # # |a Đổi mới giáo dục 
653 # # |a Tăng quyền tự chủ 
653 # # |a Tự chủ tài chính 
773 # # |t Giáo dục và thời đại  |g Số 7, 2010, tr. 10-11 
920 # # |a Phòng Tạp chí -- Trung tâm Thông tin - Thư viện Trường Đại học Đà Lạt 
994 # # |a DLU 
900 # # |a True 
911 # # |a Nguyễn Thị Linh Chi 
925 # # |a G 
926 # # |a A 
927 # # |a BB 
980 # # |a Thư viện Trường Đại học Đà Lạt